[Event "SLO-chT2 West"]
[Site "Kranj"]
[Date "2008.10.17"]
[Round "5.6"]
[White "Pavsic, Andrej"]
[Black "Kamensek, Ivan"]
[Result "0-1"]
[WhiteElo "1575"]
[BlackElo "1777"]
[PlyCount "68"]
[EventDate "2008.10.11"]
[EventType "team-swiss"]
[EventRounds "9"]
[EventCountry "SLO"]
[SourceTitle "EXT 2010"]
[Source "ChessBase"]
[SourceDate "2010.11.25"]
[SourceVersion "1"]
[SourceVersionDate "2010.11.25"]
[SourceQuality "1"]
[WhiteTeam "Hidria Tolmin"]
[BlackTeam "Upokojenci Komandant Stane"]
[WhiteTeamCountry "SLO"]
[BlackTeamCountry "SLO"]

1. e4 c5 2. Nf3 Nc6 3. d4 cxd4 4. Nxd4 Nf6 5. Nc3 e6 6. a3 Be7 7. Be2 a6 8. Be3 Qc7 9. Nb3 b5 10. Bf3 Ne5 11. 0-0 Bb7 12. Re1 0-0 13. Bg5 Rfd8 14. Be2 d5 15. exd5 Nxd5 16. Bxe7 Qxe7 17. Qd2 Rac8 18. Ne4 Nc3 19. Qxd8+ Rxd8 20. Nxc3 Qg5 21. f3 Bxf3 22. Bxf3 Nxf3+ 23. Kh1 Nxe1 24. Rxe1 Qg4 25. h3 Qg3 26. Re4 Qf2 27. Re2 Rd1+ 28. Kh2 Qg1+ 29. Kg3 Re1 30. Rd2 Re3+ 31. Kf4 e5+ 32. Kg4 f5+ 33. Kh5 g6+ 34. Kh4 Kg7 0-1

[Event "SLO-chT U20"]
[Site "Otocec"]
[Date "2006.08.28"]
[Round "8"]
[White "Vombek, Sara"]
[Black "Pavsic, Andrej"]
[Result "1-0"]
[WhiteElo "1822"]
[BlackElo "1588"]
[PlyCount "41"]
[EventDate "2006.08.19"]
[EventType "team"]
[EventRounds "9"]
[EventCountry "SLO"]
[SourceTitle "EXT 2007"]
[Source "ChessBase"]
[SourceDate "2006.11.23"]
[SourceVersion "1"]
[SourceVersionDate "2006.11.23"]
[SourceQuality "1"]

1. e4 e5 2. Nf3 Nc6 3. Bb5 Bc5 4. 0-0 Nge7 5. c3 Bb6 6. d4 exd4 7. cxd4 d5 8. exd5 Nxd5 9. Re1+ Be6 10. Bg5 Qd6 11. Nbd2 0-0 12. Nc4 Qb4 13. Bxc6 bxc6 14. Rc1 a5 15. Bd2 Qb5 16. a4 Qa6 17. Nce5 Nb4 18. Bxb4 axb4 19. b3 Qa5 20. Nxc6 Qd5 21. Ne7+ 1-0

[Event "SLO-chT U20"]
[Site "Otocec"]
[Date "2006.08.22"]
[Round "5"]
[White "Pavsic, Andrej"]
[Black "Ahmatovic, Mirela"]
[Result "0-1"]
[WhiteElo "1588"]
[BlackElo "1960"]
[PlyCount "90"]
[EventDate "2006.08.19"]
[EventType "team"]
[EventRounds "9"]
[EventCountry "SLO"]
[SourceTitle "EXT 2007"]
[Source "ChessBase"]
[SourceDate "2006.11.23"]
[SourceVersion "1"]
[SourceVersionDate "2006.11.23"]
[SourceQuality "1"]

1. e4 c5 2. Nf3 e6 3. d4 cxd4 4. Nxd4 Nc6 5. Nc3 Nf6 6. Be2 Bb4 7. Bg5 Qa5 8. Bxf6 Bxc3+ 9. bxc3 Qxc3+ 10. Kf1 gxf6 11. Nb5 Qe5 12. Rb1 Ke7 13. Qd3 Qc5 14. g3 a6 15. Qc3 Qxc3 16. Nxc3 Nd4 17. Bd3 Nc6 18. Kg2 b5 19. Rb2 Bb7 20. a4 b4 21. Na2 a5 22. c3 Ne5 23. Bb1 Nc4 24. Re2 b3 25. Nc1 b2 26. Nd3 Rab8 27. f3 Bc6 28. Ba2 Bxa4 29. Kf2 Bb3 30. Bb1 Ba4 31. Ba2 Rb6 32. Rb1 Bb3 33. Bxb3 Rxb3 34. Nxb2 a4 35. Nxc4 Rxb1 36. Ra2 Ra8 37. Ke2 d5 38. exd5 exd5 39. Ne3 a3 40. Kd3 Rb2 41. Ra1 Kd6 42. c4 a2 43. cxd5 Rb1 44. Nc2 Rxa1 45. Nxa1 Rb8 0-1

[Event "SLO-chT U20"]
[Site "Otocec"]
[Date "2006.08.19"]
[Round "1"]
[White "Drnovsek, Nejc"]
[Black "Pavsic, Andrej"]
[Result "0-1"]
[WhiteElo "1693"]
[BlackElo "1588"]
[PlyCount "90"]
[EventDate "2006.08.19"]
[EventType "team"]
[EventRounds "9"]
[EventCountry "SLO"]
[SourceTitle "EXT 2007"]
[Source "ChessBase"]
[SourceDate "2006.11.23"]
[SourceVersion "1"]
[SourceVersionDate "2006.11.23"]
[SourceQuality "1"]

1. d4 d5 2. c4 c6 3. e3 Nf6 4. Nc3 Bf5 5. Nf3 e6 6. a3 Be7 7. Be2 0-0 8. 0-0 Ne4 9. Nxe4 Bxe4 10. Nd2 Bg6 11. b3 dxc4 12. bxc4 c5 13. Bf3 Qb6 14. Nb3 Nc6 15. Nxc5 Bxc5 16. dxc5 Qxc5 17. Qb3 Na5 18. Qc3 Rac8 19. Bb2 f6 20. Rfc1 Rf7 21. Be2 Rfc7 22. h3 Qb6 23. Qb4 Qxb4 24. axb4 Nb3 25. Rxa7 Nxc1 26. Bxc1 b5 27. Rxc7 Rxc7 28. c5 Be8 29. Bd2 Bc6 30. f3 Ra7 31. Kf2 f5 32. Bd3 Kf7 33. e4 g6 34. Ke3 Ra3 35. exf5 exf5 36. Kd4 Ke6 37. Bc2 Bd5 38. Bc3 Ra2 39. Bd3 Bc6 40. g4 Rh2 41. Bb1 Bxf3 42. gxf5+ gxf5 43. Ke3 Rxh3 44. Kf4 Be4 45. Ba2+ Bd5 0-1

[Event "SLO-chT U20"]
[Site "Sentjur"]
[Date "2005.08.24"]
[Round "5"]
[White "Pavsic, Andrej"]
[Black "Skrinjar, Matic"]
[Result "1/2-1/2"]
[WhiteElo "1554"]
[BlackElo "1598"]
[PlyCount "82"]
[EventDate "2005.08.21"]
[EventType "team"]
[EventRounds "9"]
[EventCountry "SLO"]
[SourceTitle "EXT 2008"]
[Source "ChessBase"]
[SourceDate "2007.11.25"]
[SourceVersion "1"]
[SourceVersionDate "2007.11.25"]
[SourceQuality "1"]

1. e4 e5 2. Nf3 Nc6 3. Bc4 Bc5 4. b4 Bxb4 5. c3 Bc5 6. 0-0 Nf6 7. d4 exd4 8. cxd4 Bb4 9. e5 d5 10. Bb5 Ne4 11. Bxc6+ bxc6 12. Qa4 Rb8 13. a3 Be7 14. Qxc6+ Qd7 15. Qc2 0-0 16. Nbd2 Nxd2 17. Bxd2 Rb6 18. Rfc1 Rg6 19. Bf4 c6 20. Bg3 Bg5 21. Nxg5 Rxg5 22. Qxc6 Qxc6 23. Rxc6 Rg4 24. Rd1 Rg6 25. Rxg6 fxg6 26. Rc1 Ba6 27. f3 Rc8 28. Rxc8+ Bxc8 29. Kf2 Kf7 30. Ke3 Ba6 31. Be1 Bf1 32. g3 Bc4 33. Bb4 Bb5 34. f4 h5 35. Kf2 Bd3 36. h3 Bf5 37. Kg2 Be4+ 38. Kh2 Bf5 39. a4 a6 40. a5 Ke6 41. Kg2 Kf7 1/2-1/2

[Event "SLO-chT U20"]
[Site "Nova Gorica"]
[Date "2004.08.22"]
[Round "3"]
[White "Rozman, Mitja"]
[Black "Pavsic, Andrej"]
[Result "0-1"]
[WhiteElo "1706"]
[BlackElo "1526"]
[PlyCount "144"]
[EventDate "2004.08.21"]
[EventType "team"]
[EventRounds "9"]
[EventCountry "SLO"]
[SourceTitle "EXT 2009"]
[Source "ChessBase"]
[SourceDate "2008.11.26"]
[SourceVersion "1"]
[SourceVersionDate "2008.11.26"]
[SourceQuality "1"]

1. e4 e5 2. Nf3 Nc6 3. Bc4 Bc5 4. Nc3 Nf6 5. d3 h6 6. Be3 Bb6 7. d4 exd4 8. Nxd4 d6 9. 0-0 0-0 10. Re1 Re8 11. Nxc6 bxc6 12. Qf3 Be6 13. Bxe6 Rxe6 14. Rad1 Bxe3 15. Rxe3 Nd7 16. Qh5 Qg5 17. Qe2 a5 18. Rg3 Qe7 19. f4 f5 20. Qc4 d5 21. Nxd5 cxd5 22. Qxd5 Nb6 23. Qb3 Kh8 24. e5 Qc5+ 25. Kh1 Re7 26. Rgd3 Kh7 27. Rd8 Rxd8 28. Rxd8 Qc4 29. Qd3 Qxd3 30. cxd3 Kg6 31. d4 Rd7 32. Rxd7 Nxd7 33. Kg1 Kf7 34. Kf2 Ke6 35. Ke3 Kd5 36. Kd3 Nf8 37. Kc3 Ne6 38. b4 axb4+ 39. Kxb4 Kxd4 40. a4 Nxf4 41. a5 c5+ 42. Kb5 Kxe5 43. a6 Kd6 44. a7 Ne6 45. a8N Nd4+ 46. Ka5 g5 47. Nb6 Ne6 48. Kb5 f4 49. Kc4 Ke5 50. Kd3 h5 51. Nc4+ Kf5 52. Nd6+ Kg4 53. Ke2 Nd4+ 54. Kf2 f3 55. gxf3+ Nxf3 56. Kg2 Nh4+ 57. Kf2 Kh3 58. Ne4 g4 59. Kg1 Nf3+ 60. Kh1 Nxh2 61. Nf2+ Kg3 62. Ne4+ Kf3 63. Ng5+ Kg3 64. Ne4+ Kf4 65. Nxc5 Nf3 66. Ne6+ Kg3 67. Ng7 h4 68. Ne6 Kf2 69. Nf4 g3 70. Nh3+ Kf1 71. Nf4 h3 72. Ne2 g2# 0-1